000
00317nam a22001337a 4500
008
181221b xxu||||| |||| 00| 0 eng d
020
_a
9781560238737
041
_a
eng
080
_a
159.9
100
_a
49
101
_a
PSI
245
_a
Feminist Theories and Feminist Psychotherapies
_c
Enns, C.Z
942
_2
udc
_c
BK
999
_c
53690
_d
53690